| 000 | 00807nam a22002417a 4500 | ||
|---|---|---|---|
| 003 | DO-SdBNP | ||
| 005 | 20240313073817.0 | ||
| 007 | ta | ||
| 008 | 210909b 2010 dr a b c 00| 0 eng d | ||
| 020 | _a9789993429487 | ||
| 040 |
_aDO-SdBNP _bspa _cBNPHU |
||
| 082 | 4 | _aBNPHU | |
| 100 | 1 |
_aDitrén, Ignacio _979818 |
|
| 245 | 1 |
_aHistoria del transporte en la República Dominicana : _bde la canoa de los taínos al metro / _cIgnacio Ditrén ; prólogo Lipe Collado |
|
| 260 |
_aSanto Domingo : _bs.n. ; _c2010. |
||
| 300 |
_a445 p. : _bil., mapas, retrs. ; _c23 cm. |
||
| 500 | _aIncluye datos biográficos del autor en las solapas | ||
| 504 | _aBibliografía : p. 423-428 | ||
| 590 | _aInventariado, 2021/BT | ||
| 700 | 1 |
_aCollado, Lipe, _d1947- _epról. _979819 |
|
| 910 | _aBtavárez | ||
| 942 |
_2ddc _cLBS1 |
||
| 999 |
_c50465 _d50465 |
||